000 00611nam a2200229Ia 4500
003 OSt
005 20221007075148.0
006 a|||||r|||| 00| 0
007 ta
008 221006b |||||||| |||| 00| 0 eng d
024 _a17,706
037 _cTextual
040 _aFLL
_cFLL
_beng
041 _2eng
_aeng
082 _aY:451263.2.N7, L7
100 _aLal A.K. Au.
_9693570
245 0 _aPolitics of poverty
260 _aNew Delhi
_bChetana publications India
_c1977
300 _a107p
_ccm.
942 _hY:451263.2.N7, L7
_cTEXL
_2CC
999 _c1155032
_d1155032